Angela's Cute Animals - Statistics

General Stats
  • This quiz has been taken 3 times
  • The average score is 15 of 22
Answer Stats
Hint Answer % Correct
Peregrine Falcon Bootsface
100%
Black Squirrel Charcoal
100%
Red-Tailed Hawk Chipotle
100%
Eastern Box Turtle Banana Split
67%
Bunny Buttons
67%
American Elk Carrots
67%
Cooper's Hawk Chainsaw
67%
Red Squirrel Cinnamon
67%
Ruddy Duck Clementine
67%
American Kestrel Cupcake
67%
Smallmouth Bass Eddard
67%
Raccoon Eduardo
67%
Eastern Chipmunk Gilbert
67%
Eastern Screech Owl Gingerbread
67%
White-Tailed Deer Jumpsy
67%
Bufflehead Marshmallow
67%
Red Fox Mittens
67%
Beaver Paddles
67%
Bald Eagle Snowbank
67%
Moose Bomby
33%
Red Spotted Newt Ports
33%
Gray Wolf Strider
33%
No matching quizzes found
Score Distribution
Percent of People with Each Score
Percentile by Number Answered
Your Score History
You have not taken this quiz